Κεφαλονίτικη μουσική παράδοση traditional Cephalonian music
Αποθηκεύτηκε σε:
| Συγγραφή απο Οργανισμό/Αρχή: | |
|---|---|
| Άλλοι συγγραφείς: | , |
| Μορφή: | Ηχητικό |
| Γλώσσα: | Greek |
| Δημοσίευση: |
[Κεφαλονιά]
Σύλλογος "Η Λειβαθώ" Κεφαλονιάς,
1992.
|
| Θέματα: | |
| Ετικέτες: |
Προσθήκη ετικέτας
Δεν υπάρχουν, Καταχωρήστε ετικέτα πρώτοι!
|
MARC
| LEADER | 00000cjm a2200000 a 4500 | ||
|---|---|---|---|
| 001 | 1/108621 | ||
| 008 | 150914s1992####gr ccz k ||||| gre|| | ||
| 028 | 0 | 2 | |a 1980/1 - Z1/281/92 |b Σύλλογος "Η Λειβαθώ" Κεφαλονιάς |
| 028 | 0 | 2 | |a 1980/2 - Z1/282/92 |b Σύλλογος "Η Λειβαθώ" Κεφαλονιάς |
| 040 | |a GR-MyUa |b gre |c GR-MyUa |e AACR2 | ||
| 041 | 0 | |d gre |e gre | |
| 082 | 7 | |a 781.62 |2 (23) | |
| 245 | 0 | 0 | |a Κεφαλονίτικη μουσική παράδοση |h [ηχογράφηση] = |b traditional Cephalonian music / |c επιμέλεια: πρωτοπρεσβύτερος Ιωαν. Μεσολωράς ; επιμέλεια - διεύθυνση - ενορχήστρωση: Διονύσης Αποστολάτος. |
| 246 | 1 | |i Παράλληλος τίτλος: |a Traditional Cephalonian music |h [ηχογράφηση] | |
| 246 | 1 | |i Παραλλαγή τίτλου: |a Κεφαλονίτικη εκκλησιαστική μουσική |h [ηχογράφηση] | |
| 260 | |a [Κεφαλονιά] |b Σύλλογος "Η Λειβαθώ" Κεφαλονιάς, |c 1992. | ||
| 300 | |a 2 δίσκοι βινυλίου : |b αναλογ., 33 1/3 σαλ, στέρεο, |c 12 ίν. + |e 1 θήκη και 2 βιβλιαράκια | ||
| 500 | |a Υπάρχει ψηφιακό αντίγραφο. | ||
| 500 | |a Κεφαλονίτικη εκκλησιαστική μουσική, Αρριέτες, Λαικά τραγούδια, τραγούδια κεφαλονίτών συνθετών. | ||
| 525 | |a Η θήκη αναγράφει τους ύμνους και τα τραγούδια και τα ένθετα βιβλιαράκια πληροφορίες. | ||
| 505 | 8 | |a Δίσκος 1. Πλευρά Α. Κεφαλονίτικη εκκλησιαστική μουσική 1. Εν τω ναώ εστώτες ήχος α' – 2. Φως ιλαρόν...ήχος β' – 3. Κράτημα ήχος πλάγιος δ' – 4. Σήμερον κρεμάται ήχος πλάγιος δ' – Πλευρά Β. 1. Φως ιλαρόν ήχος πλάγιος δ' – 2. Κύριε ελέησον αργό ήχος πλάγιος α' – 3. Ως ει όρθρος ήχος γ' – 4. Εξαποστειλάριον Αγ. Γερασίμου ήχος γ' – 5. Χερουβικόν ήχος γ' – 6. Σε υμνούμεν ήχος πλάγιος δ' – 7. Άξιον εστί ήχος πλάγιος δ' –8. Πνεύμα άγιον ήχος πλάγιος δ' -- Δίσκος 2. Πλευρά Α. 1.Λάμπει μεσ' το γιαλό – 2. Μαγική βραδυά – 3. Χλωμό φεγγάρι – 4. Υπάρχουν μάτια – 5. Ξένος είμαι – Πλευρά Β. 1. Δεν υπάρχει καλύτερη – 2. Αγάπησα χωρίς ν' αγαπηθώ – 3. Μη λες – 4. Πεσσαδιανά – 5. Τα κρύα χιόνια λιώσανε. | |
| 508 | |a Διάφοροι ερμηνευτές. | ||
| 650 | 0 | |a Sound recordings. | |
| 650 | 0 | |a Audio-visual materials. | |
| 650 | 0 | |a Folk songs, Greek |z Greece |z Cephalonia (Municipality) | |
| 650 | 0 | |a Folk dance music |z Greece |z Cephalonia (Municipality) | |
| 650 | 0 | |a Church music |x Orthodox Eastern Church. | |
| 700 | 1 | |a Αποστολάτος, Διονύσης, |e cnd |e edt | |
| 700 | 1 | |a Μεσολωράς, Ιωάννης Δ. |e edt | |
| 710 | 1 | |a Σύλλογος "Η Λειβαθώ" Κεφαλονιάς, |e pro | |
| 852 | |a INST |b RHODES |c AV |e 20150914 |h 781.62 ΚΕΦ |p 005400013071 |q 005400013071 |t LP |v lp .1: |y 23 | ||
| 852 | |a INST |b RHODES |c AV |e 20150914 |h 781.62 ΚΕΦ |p 005400013073 |q 005400013073 |t LP |v lp .2: |y 23 | ||
| 853 | |a INST |b RHODES |c AV |h 781.62 ΚΕΦ | ||
| 970 | |a Τζαφέρη |b Ευαγγελία |z 15-09-2015 | ||